00345nam a2200145Ia 4500008004100000020001800041041000800059082001500067100001500082245002800097260002200125300000800147365001600155700002800171230718s9999 xx 000 0 und d a9780070669239 aeng a006.7bBAN aBanerji A. aMultimedia Technologies c2012bMcGraw Hill a314 cRs.b430.00 aBanerji A. & Ghosh A.M.